000 00750nam a2200253Ia 4500
003 BUBTL
008 151213s9999 xx 000 0 und d
020 _a8174731482
041 _aEnglish
082 _21st ed.
_a658.8/ W322m/ 2002
100 _aWatkins, Charley
_95750
245 _amarketing, Sales & Customer Services/ understanding the theory and practice of selling through service :
_cCharley Watkins
250 _a1st ed.
260 _aNew Delhi
_bA.L.T.B.S
_cc2002
300 _ax, 347 p. :
_bill. ; 24 cm.
500 _aIncludes Index.
526 _aBBA, MBA
650 _aMarketing
650 _a
700 _aCharley Watkins
_95751
856 _k0
_l0
_yDownload
942 _2ddc
_cBK
999 _c1135
_d1135